000 00440nam a2200181Ia 4500
001 8086
005 20260306160543.0
008 260306t1997||||xx |||||||||||||| ||spa||
041 _aESP
082 _a370.1
_bM45
100 _aEléspuru Cárdenas, Juan Manuel (Comp.)
_eAUT
245 0 _aMétodos de la nueva educación
260 _c1997
300 _a635 páginas :
_c
650 _aGEN
654 _aCED
942 _cLIB
_dJUS
_fJUS
_2ddc
_n
999 _c8086
_d8086